Statistics for NFL 2019-2020 Season Trivia

Click here to take the quiz!

General Stats

  • This quiz has been taken 6,140 times
  • The average score is 7 of 15

Answer Stats

QuestionAnswer% Correct
Who led the league in receptions?Michael Thomas
79%
Which team finished with the worst record?Cincinnati Bengals
76%
Who led the league in rushing yards?Derrick Henry
71%
Which quarterback got injured during the wild card playoff round?Carson Wentz
66%
Which one of these teams DID NOT lose their starting quarterback at any point during the season?Oakland Raiders
55%
Who is the oldest coach in the NFL?Pete Carroll
48%
Who led tight ends in receiving yards?Travis Kelce
47%
Which one of these players WAS NOT selected to the pro bowl?Tom Brady
46%
Who threw the second most interceptions just behind Jameis Winston's 30?Baker Mayfield
39%
Which quarterback went down on opening day?Nick Foles
38%
Which one of these games DIDN'T happen this season?Eagles vs. 49ers
35%
Who shocked the world and had a workout with the New Orleans Saints just before Week 17?Antonio Brown
34%
Which one of these coaches was fired during the regular season?Ron Rivera
31%
Which one of these games DID happen this season?Raiders vs. Lions
23%
What was the final score of the first game of the season?10-3
22%

Score Distribution

Percentile by Number Answered

Percent of People with Each Score

Your Score History

You have not taken this quiz